| 000 | 00344nam a2200145Ia 4500 | ||
|---|---|---|---|
| 008 | 191201s2009 xx 000 0 und d | ||
| 082 |
_a621.57 _bHUR |
||
| 100 | _aHUNDY, GF | ||
| 245 | 0 | _aRefrigeration and Air Conditioning | |
| 250 | _a1st | ||
| 260 |
_aN. Delhi _bElsevier _c2009 |
||
| 300 | _a381. | ||
| 650 | _aB.Tech(ME) | ||
| 942 |
_2ddc _cBK |
||
| 999 |
_c5716 _d5716 |
||